00297nam a2200121Ia 4500008004100000041000800041082001600049100001900065245002600084260004200110300001600152365000700168240624s9999 xx 000 0 und d aeng a005.133 HOR aHOROWITZ ELLIS aCOMPUTER ALGORITHMS C c2004aNew DelhibGalgotia publication axxii, : 769 cRS